|
|
|
|
| LEADER |
00000nam0a2200000 4500 |
| 001 |
151616 |
| 005 |
20231101221556.0 |
| 010 |
|
|
|a 9785238016108
|
| 035 |
|
|
|a (RuTPU)RU\TPU\book\164384
|
| 090 |
|
|
|a 151616
|
| 100 |
|
|
|a 20090126d2009 k y0rusy50 ca
|
| 101 |
0 |
|
|a rus
|
| 102 |
|
|
|a RU
|
| 105 |
|
|
|a y z 001zy
|
| 200 |
1 |
|
|a Финансовое положение и эффективность использования ресурсов предприятия
|f А. Ф. Черненко, Н. Н. Илышева, А. В. Башарина
|
| 210 |
|
|
|a Москва
|c ЮНИТИ
|d 2009
|
| 215 |
|
|
|a 207 с.
|
| 320 |
|
|
|a Библиогр.: с. 181-188.
|
| 330 |
|
|
|a Дана критическая оценка существующим подходам к определению, анализу и планированию показателей финансового положения и эффективности использования ресурсов предприятия. Обоснованы и разработаны, а также понятийно и информационно обеспечены показатели платежеспособности, оборачиваемости, рентабельности, ресурсоотдачи активов с любой степени детализации, допустимой информацией бухгалтерского учета. Предложена концепция платежеспособности, основанная на системном подходе к формированию внутрифирменных методов оценки, анализа и планирования. Разработаны теоретические подходы к анализу платежеспособности, основанные на учете динамики формирования платежных средств из различных активов и теоретические основы расчета изменения величины платежных средств в связи с изменением оборачиваемости активов. Для научных работников, преподавателей, менеджеров и специалистов всех отраслей экономики.
|
| 606 |
1 |
|
|a Предприятия
|x Финансовое планирование
|2 stltpush
|3 (RuTPU)RU\TPU\subj\36685
|9 57978
|
| 610 |
1 |
|
|a финансы
|
| 610 |
1 |
|
|a финансовые ресурсы
|
| 610 |
1 |
|
|a платежеспособность
|
| 610 |
1 |
|
|a кредитоспособность
|
| 610 |
1 |
|
|a внутрифирменное планирование
|
| 610 |
1 |
|
|a рентабельность
|
| 610 |
1 |
|
|a ресурсоотдача
|
| 610 |
1 |
|
|a денежные средства
|
| 610 |
1 |
|
|a активы
|
| 610 |
1 |
|
|a оборачиваемость
|
| 686 |
|
|
|a У9(2)261.9
|v LBC/SL-A
|2 rubbk
|
| 700 |
|
1 |
|a Черненко
|b А. Ф.
|g Алексей Федорович
|
| 701 |
|
1 |
|a Илышева
|b Н. Н.
|g Нина Николаевна
|
| 701 |
|
1 |
|a Башарина
|b А. В.
|g Анастасия Владимировна
|
| 801 |
|
1 |
|a RU
|b 63413507
|c 20090126
|g PSBO
|
| 801 |
|
2 |
|a RU
|b 63413507
|c 20201117
|g PSBO
|
| 900 |
|
|
|a Финансы предприятия
|
| 900 |
|
|
|a Финансы, финансовая деятельность
|
| 942 |
|
|
|c BK
|
| 959 |
|
|
|a 11/20090126
|d 1
|e 300,00
|f ЧЗГЛ:1
|